ZKM Gdynia - 150 - Statystyki

Ogólne statystyki
  • Ten quiz został rozwiązany 38 razy
    29 od ostatniego zresetowania
  • Średni wynik to 22 z 26
Statystyki odpowiedzi
Przystanek Ulica % Poprawnych
Oksywie Godebskiego Godebskiego
100%
Oksywie Dolne Śmidowicza
94%
Witomino Leśniczówka II MPS
94%
Arciszewskich Arciszewskich
89%
Armii Krajowej Władysława IV
89%
Cechowa Unruga
89%
Nasypowa Śmidowicza
89%
Obłuże Centrum Estakada Kwiatkowskiego
89%
Oksywie Górne Pułkownika Dąbka
89%
Rolnicza Rolnicza
89%
Stocznia Wojenna Śmidowicza
89%
Węzeł Franciszki Cegielskiej Kielecka
89%
Węzeł Ofiar Grudnia '70 Janka Wiśniewskiego
89%
Witomino Centrum Wielkokacka
89%
3 Maja 10 Lutego
83%
Energetyków Janka Wiśniewskiego
83%
Janka Wiśniewskiego Janka Wiśniewskiego
83%
Urząd Miasta - Władysława IV Władysława IV
83%
Akademia Marynarki Wojennej Śmidowicza
78%
Alzacka Bosmańska
78%
Gołębia Janka Wiśniewskiego
78%
Muchowskiego Pułkownika Dąbka
78%
Stawna Wielkokacka
78%
Terminal Kontenerowy Janka Wiśniewskiego
72%
Żeglarzy Śmidowicza
72%
Gdynia Dworzec Gł. PKP - Dworcowa Dworcowa
67%
Nie znaleziono quizów pasujących do podanych kryteriów
Rozkład punktacji
Procent ludzi z każdym wynikiem
Percentyl według liczby udzielonych odpowiedzi
Twoja historia wyników
Nie rozwiązałeś tego quizu od ostatniego zresetowania